El paraíso fingido : poema /

Guardat en:
Dades bibliogràfiques
Autor principal: Girón Lemus, Roberto
Format: Desconegut
Idioma:Spanish
Publicat: Guatemala : Editorial del Ministerio de Educación Pública, 1949.
Matèries:
Etiquetes: Afegir etiqueta
Sense etiquetes, Sigues el primer a etiquetar aquest registre!

MARC

LEADER 000000000a22000000004500
001 002894
041 0 |a spa 
082 0 4 |a G861.4   |b G527p 
100 1 |a Girón Lemus, Roberto 
245 1 3 |a El paraíso fingido :   |b poema /   |c Roberto Girón Lemus. 
260 1 |a Guatemala :   |b Editorial del Ministerio de Educación Pública,   |c 1949. 
300 |a 41 páginas 
650 4 |a LITERATURA GUATEMALTECA 
650 4 |a POESIA 
999 |c 9230  |d 9230 
942 |c BK  |h G861.4 G527p  |2 z